Never before in the history of the church... (Record no. 5307)
[ view plain ]
| 000 -LEADER | |
|---|---|
| fixed length control field | 01007cam a22003375 4500 |
| 001 - CONTROL NUMBER | |
| control field | 68737 |
| 003 - CONTROL NUMBER IDENTIFIER | |
| control field | OSt |
| 005 - DATE AND TIME OF LATEST TRANSACTION | |
| control field | 20190102183735.0 |
| 008 - FIXED-LENGTH DATA ELEMENTS--GENERAL INFORMATION | |
| fixed length control field | 870411t19701970enk b 000 0 eng u |
| 035 ## - SYSTEM CONTROL NUMBER | |
| System control number | (CStRLIN)NJPT07883255X |
| 035 ## - SYSTEM CONTROL NUMBER | |
| System control number | (CaOTULAS)107883255 |
| 035 ## - SYSTEM CONTROL NUMBER | |
| System control number | (OCoLC)ocm16214903 |
| 035 ## - SYSTEM CONTROL NUMBER | |
| System control number | 68737 |
| 040 ## - CATALOGING SOURCE | |
| Original cataloging agency | PTS |
| Language of cataloging | eng |
| Description conventions | rda |
| Transcribing agency | PTS |
| 041 1# - LANGUAGE CODE | |
| Language code of text/sound track or separate title | ger |
| -- | eng |
| 082 ## - DEWEY DECIMAL CLASSIFICATION NUMBER | |
| Classification number | 200 |
| Item number | S344N |
| 100 1# - MAIN ENTRY--PERSONAL NAME | |
| Personal name | Schlink, Basilea. |
| 245 10 - TITLE STATEMENT | |
| Title | Never before in the history of the church... |
| 264 #1 - PRODUCTION, PUBLICATION, DISTRIBUTION, MANUFACTURE, AND COPYRIGHT NOTICE | |
| Place of production, publication, distribution, manufacture | London : |
| Name of producer, publisher, distributor, manufacturer | Marshall, Morgan and Scott, |
| Date of production, publication, distribution, manufacture, or copyright notice | [1970] |
| 264 #4 - PRODUCTION, PUBLICATION, DISTRIBUTION, MANUFACTURE, AND COPYRIGHT NOTICE | |
| Date of production, publication, distribution, manufacture, or copyright notice | [�1970] |
| 300 ## - PHYSICAL DESCRIPTION | |
| Extent | 31 pages ; |
| Dimensions | 19 cm |
| 336 ## - CONTENT TYPE | |
| Content type term | text |
| Content type code | txt |
| Source | rdacontent |
| 337 ## - MEDIA TYPE | |
| Media type term | unmediated |
| Media type code | n |
| Source | rdamedia |
| 338 ## - CARRIER TYPE | |
| Carrier type term | volume |
| Carrier type code | nc |
| Source | rdacarrier |
| 500 ## - GENERAL NOTE | |
| General note | Translation of Zum ersten Mal, seitdem es Kirche Jesu Christi gibt... |
| 504 ## - BIBLIOGRAPHY, ETC. NOTE | |
| Bibliography, etc. note | Bibliographical references included in "Notes" (pages 30-31). |
| 650 #0 - SUBJECT ADDED ENTRY--TOPICAL TERM | |
| Topical term or geographic name entry element | Christianity |
| Chronological subdivision | 1945- |
| 942 ## - ADDED ENTRY ELEMENTS (KOHA) | |
| Source of classification or shelving scheme | Dewey Decimal Classification |
| Koha item type | Books |
| 945 ## - LOCAL PROCESSING INFORMATION (OCLC) | |
| a | MARCIVE20181205 |
| 948 ## - LOCAL PROCESSING INFORMATION (OCLC); SERIES PART DESIGNATOR (RLIN) | |
| Series part designator, SPT (RLIN) | BT1101 .S334 |
| Withdrawn status | Lost status | Source of classification or shelving scheme | Damaged status | Not for loan | Collection code | Home library | Current library | Shelving location | Date acquired | Cost, normal purchase price | Total Checkouts | Full call number | Barcode | Date last seen | Price effective from | Koha item type |
|---|---|---|---|---|---|---|---|---|---|---|---|---|---|---|---|---|
| Dewey Decimal Classification | Non-fiction | Harvest Mission College | Harvest Mission College | General Stacks | 02.01.2019 | 100.00 | 200 S344N | 006032 | 02.01.2019 | 02.01.2019 | Books |
